| 000 | 00738nam a22002417a 4500 | ||
|---|---|---|---|
| 005 | 20170124110019.0 | ||
| 010 | _a854193 | ||
| 020 | _c00.00 | ||
| 035 | _a854193 | ||
| 037 | _bCen Lib/Ret | ||
| 040 |
_aDPL _bEN |
||
| 082 |
_a601.3 _bBAR |
||
| 100 |
_aBarzam, A. _919320 |
||
| 245 |
_aAutomation in electrical power system / _cby A.Barzam;translated by P.I.Zabolotny |
||
| 260 |
_aMoscow _bMir publishers _c1973 |
||
| 270 |
_aMoscow _bMoscow |
||
| 300 |
_a430p. : _c19cm(Hb) _bill. |
||
| 500 | _aIncludes bibliographical reference and index | ||
| 650 |
_aAutomatic control _919321 |
||
| 650 |
_aElectric power systems--Automation _919322 |
||
| 700 |
_aZabolotny, P.I. _919312 |
||
| 942 |
_2ddc _cEN _h601.3 _mBAR |
||
| 999 |
_c127072 _d127072 |
||